Contractors prefer retentions to compulsory bonds (Record no. 71343)

MARC details
000 -LEADER
fixed length control field 00830cam a2200193 4500
001 - CONTROL NUMBER
control field WB3837-05
008 - FIXED-LENGTH DATA ELEMENTS--GENERAL INFORMATION
fixed length control field 021010n2002 000 0 eng u
035 ## - SYSTEM CONTROL NUMBER
System control number (Sirsi) u120069
245 ## - TITLE STATEMENT
Title Contractors prefer retentions to compulsory bonds
260 ## - PUBLICATION, DISTRIBUTION, ETC.
Date of publication, distribution, etc. 2002
490 ## - SERIES STATEMENT
Series statement Contract Journal
Volume/sequential designation 415(6398) 9 October 2002, 4(1)
520 ## - SUMMARY, ETC.
Summary, etc. Construction Confederation supports abolition of retention system, but does not want it replaced by alternative compulsory bond system. CC has submitted its view to House of Commons Trade and Industry Select Committee looking into use of retentions. Construction Confederation information available at www.constructionconfederation.co.uk/
590 ## - LOCAL NOTE (RLIN)
Local note WB
650 ## - SUBJECT ADDED ENTRY--TOPICAL TERM
Topical term or geographic name entry element RETENTIONS
650 ## - SUBJECT ADDED ENTRY--TOPICAL TERM
Topical term or geographic name entry element CASH RETENTIONS
650 ## - SUBJECT ADDED ENTRY--TOPICAL TERM
Topical term or geographic name entry element SUBCONTRACTORS
690 ## - LOCAL SUBJECT ADDED ENTRY--TOPICAL TERM (OCLC, RLIN)
Topical term or geographic name as entry element BUILT ENVIRONMENT
942 ## - ADDED ENTRY ELEMENTS (KOHA)
Suppress in OPAC 0
Holdings
Withdrawn status Lost status Source of classification or shelving scheme Damaged status Not for loan Home library Current library Shelving location Date acquired Total Checkouts Full call number Barcode Date last seen Copy number Price effective from Koha item type
    Dewey Decimal Classification     London London News article 10/10/2002   WB3837-05 120069-1001 06/08/2019 1 06/08/2019 News article